The price of freedom : a history of East Central Europe from the Middle Ages to the present

Saved in:
Bibliographic Details
Main Author: Wandycz, Piotr Stefan
Format: Book
Language:English
Published: London : Routledge, 1993
Subjects:
Tags: Add Tag
No Tags, Be the first to tag this record!

MARC

LEADER 00000nam a2200000 i 4500
001 1/4036
008 960503s1993 eng d
020 |a 0-415-07627-7 
035 |l 10015434 
040 |a GR-MY-UA  |b gre  |e aacr 
041 0 |a eng 
082 0 |a 943 
100 1 |a Wandycz, Piotr Stefan. 
245 1 4 |a The price of freedom :  |b a history of East Central Europe from the Middle Ages to the present /  |c Piotr S. Wandycz 
260 |a London :   |b Routledge,   |c 1993 
300 |a 330 p.  |b maps, tables 
504 |a Includes bibliographical references and index 
651 0 |a Europe, Eastern  |x History. 
651 0 |a Europe, Central  |x History. 
852 |a INST  |b LESVOS  |e 19960503  |h 943 WAN  |p 005100010381  |q 005100010381  |t BK  |y 0 
909 |a Λ  |b 045016